Nhớ nghĩ chiều hôm Hồi ký
Tallennettuna:
| Päätekijä: | |
|---|---|
| Aineistotyyppi: | Kirja |
| Kieli: | Undetermined |
| Julkaistu: |
H.
Hà Nội
2020
|
| Aiheet: | |
| Linkit: | http://lrc.tdmu.edu.vn/opac/search/detail.asp?aID=2&ID=41103 |
| Tagit: |
Lisää tagi
Ei tageja, Lisää ensimmäinen tagi!
|
| Thư viện lưu trữ: | Trung tâm Học liệu Trường Đại học Thủ Dầu Một |
|---|
| LEADER | 00673nam a2200205Ia 4500 | ||
|---|---|---|---|
| 001 | TDMU_41103 | ||
| 008 | 210410s9999 xx 000 0 und d | ||
| 082 | |a 342.59708772 | ||
| 090 | |b Đ108 | ||
| 100 | |a Đào, Duy Anh | ||
| 245 | 0 | |a Nhớ nghĩ chiều hôm | |
| 245 | 0 | |b Hồi ký | |
| 245 | 0 | |c Đào Duy Anh | |
| 260 | |a H. | ||
| 260 | |b Hà Nội | ||
| 260 | |c 2020 | ||
| 300 | |a 378 tr. | ||
| 650 | |a Đào Duy Anh, |c Nhà sử học, |d (1904-1988) |z Việt Nam; Văn học Việt Nam |v Hồi ký | ||
| 856 | |u http://lrc.tdmu.edu.vn/opac/search/detail.asp?aID=2&ID=41103 | ||
| 980 | |a Trung tâm Học liệu Trường Đại học Thủ Dầu Một | ||